00610nam a22002297a 4500003000200000005001700002008000200019010001300021020002300034035003300057037001600090040001500106082001700121100001900138245004900157260004600206270004700252300002500299500002000324650001800344650001800362020181023161131.00 aA-999002 a8120316568c295.00 aA-999002, A-999005, A-999018 bCen Lib/Ret aDPLbENc0 a005.754bLIB aLiberty, Jesse aWeb classes from scratch /cby Jesse Liberty a New DelhibPrentice Hall of India c1999 aM-97, Connaught circusb New Delhie110007 aviii,288p.c23cm(Hb) aIncludes index  aWeb databases aWeb databases